00746naa a2200205 i 4500001000400000003000400004005001700008008003900025040000800064080000700072100017300079245008100252260001000333500002600343650002100369650001700390773010500407942001300512999001500525BPPBPK20150420123426.0150420s1986 pl f |000 0 pol cBPK a69 aWINKLER, Halina.d1977 - 1996.bWyższa Szkoła Inżynierska w Koszalinie - Wydział Inżynierii Lądowej i Sanitarnej,cZakład Ekonomiki i Organizacji Budownictwa aGry kierownicze w kształceniu inżynierów budownictwa / cHalina Rosiak. c1986. aDane z kartoteki bpp. 0aGry kierownicze. 0aBudownictwo. iW :tSymulacja systemów gospodarczych : Supl. Prace Szkoły Węgierska Górka. -dKatowice, 1986 cART2UKD c6833d6833